00377pab a2200085 454500008003600000100001700036245009700053650005900150773008200209180718b xxu||||| |||| 00| 0 eng d aMuttagi, P.K aTraining personnel of the local government in developing countreis: a comprehensive approach aTraining - Personnel, Municipal - Developing Countries aQuarterly Journal of the All-India Institute of Local Self-Government, Bombay